000
00259nam a2200121Ia 4500
008
190216s9999||||xx |||||||||||||| ||und||
100
_a
Kumaranasan N
245
0
_a
Karuna
260
_b
Rupa & Co.
_c
1989
300
_a
67p
650
_a
Kavithkal
942
_c
BK
999
_c
26464
_d
26464